International business : (Record no. 345289)

000 -LEADER
fixed length control field 01032 a2200217 4500
020 ## - INTERNATIONAL STANDARD BOOK NUMBER
International Standard Book Number 0201157470
020 ## - INTERNATIONAL STANDARD BOOK NUMBER
International Standard Book Number 9780201157475
082 04 - DEWEY DECIMAL CLASSIFICATION NUMBER
Classification number 658.18
090 ## - LOCALLY ASSIGNED LC-TYPE CALL NUMBER (OCLC); LOCAL CALL NUMBER (RLIN)
-- 2799
-- 2799
100 1# - MAIN ENTRY--PERSONAL NAME
Personal name Daniels, John D.
245 10 - TITLE STATEMENT
Title International business :
Remainder of title environments and operations /
Statement of responsibility, etc. John D. Daniels.
250 ## - EDITION STATEMENT
Edition statement 5th ed.
260 ## - PUBLICATION, DISTRIBUTION, ETC.
Place of publication, distribution, etc. [S.l.] :
Name of publisher, distributor, etc. Addison-Wesley,
Date of publication, distribution, etc. 1989.
300 ## - PHYSICAL DESCRIPTION
Extent 751 p. ;
Dimensions 24 cm.
500 ## - GENERAL NOTE
General note Hardcover.
520 ## - SUMMARY, ETC.
Summary, etc. For undergraduate courses in International Business. This text thoroughly discusses the differences faced in international environments, the overall strategies companies can take, and the functional alternatives for operating abroad. It features an abundance of colorful maps, strong opening and closing cases, and current examples.
700 1# - ADDED ENTRY--PERSONAL NAME
Personal name Radebaugh, Lee H.
856 40 - ELECTRONIC LOCATION AND ACCESS
Materials specified Amazon.com
Uniform Resource Identifier <a href="http://www.amazon.com/exec/obidos/ASIN/0201157470/chopaconline-20">http://www.amazon.com/exec/obidos/ASIN/0201157470/chopaconline-20</a>
856 40 - ELECTRONIC LOCATION AND ACCESS
Materials specified Amazon customer reviews
Uniform Resource Identifier <a href="http://www.chopac.org/cgi-bin/tools/azrev.pl?q=0201157470">http://www.chopac.org/cgi-bin/tools/azrev.pl?q=0201157470</a>
942 ## - ADDED ENTRY ELEMENTS (KOHA)
Institution code [OBSOLETE] NBS
Koha item type Book
Call number prefix 658.18 DAN
Holdings
Withdrawn status Lost status Damaged status Not for loan Permanent Location Current Location Date acquired Total Checkouts Full call number Barcode Date last seen Date last checked out Price effective from Koha item type
        Central Library (CL) Central Library (CL) 08/28/2013 1 658.18 DAN NBS3043 09/18/2014 09/09/2014 08/28/2013 Book
© 2023 Central Library, National University of Sciences and Technology. All Rights Reserved.